书目信息 |
| 题名: |
斯大林格勒大血战
|
|
| 作者: | 林峰 , 王文庆 著 | |
| 分册: | ||
| 出版信息: | 北京 商务印书馆 1985 |
|
| 页数: | 62页 | |
| 开本: | 19cm | |
| 丛书名: | 外国历史小丛书 | |
| 单 册: | ||
| 中图分类: | K512.54 | |
| 科图分类: | ||
| 主题词: | 斯大林格勒保卫战 | |
| 电子资源: | ||
| ISBN: | ||
| 000 | 00740nam2 2200265 45 | |
| 001 | 0185009159 | |
| 005 | 20060511090914.82 | |
| 010 | @dCNY0.25 | |
| 091 | @a11017.708 | |
| 100 | @a19901008d1985 em y0chiy0121 ea | |
| 101 | 0 | @achi |
| 102 | @aCN@b110000 | |
| 105 | @af z 000yd | |
| 200 | 10 | @a斯大林格勒大血战@Asi da lin ge le da xue zhan@f王文庆, 林峰著@Fwang wen qing,lin feng zhu |
| 210 | @a北京@c商务印书馆@d1985 | |
| 215 | @a62页@d19cm | |
| 225 | 2 | @a外国历史小丛书 |
| 410 | 0 | @120010@a外国历史小丛书 |
| 606 | @a斯大林格勒保卫战 | |
| 690 | @aK512.54@v3 | |
| 701 | 0 | @a林峰@Alin feng@4著 |
| 701 | 0 | @a王文庆@Awang wen qing@4著 |
| 801 | 2 | @aCN@bNLC@c20060511 |
| 801 | 0 | @aCN@b深圳图书馆@c20040511 |
| 905 | @dK512.54@e12 | |
| 斯大林格勒大血战/王文庆, 林峰著.-北京:商务印书馆,1985 |
| 62页;19cm.-(外国历史小丛书) |
| ISBN :CNY0.25 |
| ● |
| 相关链接 |
|
|
|
|
正题名:斯大林格勒大血战
索取号:K512.54/12
 
预约/预借
| 序号 | 登录号 | 条形码 | 馆藏地/架位号 | 状态 | 备注 |
| 1 | 0156179 | 001394850 | 第二借阅区/ [索取号:K512.54/12] | 在馆 | |
| 2 | 0156180 | 202313068 | 密集书库/ [索取号:K512.54/12] | 在馆 | |
| 3 | 0156181 | 001394422 | 第二样本阅览室/ [索取号:K512.54/12] | 在馆 |